| 000 | 00802cam a22002657a 4500 | ||
|---|---|---|---|
| 001 | 32514 | ||
| 003 | AR-RoBPED | ||
| 005 | 20260408090227.0 | ||
| 007 | ta | ||
| 008 | 260407s1989 ag a|||br 001 0|spa d | ||
| 020 | _a9501300854 | ||
| 040 | _aAR-RoBPED | ||
| 041 | _aspa | ||
| 100 | 1 |
_aPérez, Alba _916895 |
|
| 245 | 1 | 0 |
_aMensajero 3 : _blibro de lectura para tercer grado / _cAlba Pérez ; dibujos Norma Adam. |
| 260 |
_aBuenos Aires : _bKapelusz, _c1989. |
||
| 300 |
_a159 p. : _bil. |
||
| 650 | 4 |
_aLIBROS DE LECTURA _915325 |
|
| 650 | 4 |
_aTERCER GRADO _91463 |
|
| 650 | 4 |
_aARCHIVO INFANTIL _924464 |
|
| 700 |
_aAdam, Norma _930720 _eil. |
||
| 700 | 1 |
_aKaufman, Ruth _d1961- _917514 |
|
| 942 |
_cBK _2udc _ak. 32514 _h372.4 _kIA _mP 45 m _nInv. 42383 |
||
| 945 | _acd 07/04/2026 - mev 08/04/2026 | ||
| 999 |
_c32514 _d32514 |
||